000 00635nam a22001937a 4500
003 OSt
005 20180116183045.0
008 160425b xxu||||| |||| 00| 0 eng d
020 _a9781861242204
040 _c0
082 _a658.72 CIP 2012
100 _aCIPS
110 0 _aCharterd institute of Procurment Supply
245 _aProcurement and Supply Administration NC4
_bCertificate in Procurement and supply opertaions
_cCharterd institute of Procurment Supply.
260 _aLincolnshire :
_b Profex Publishing Limited,
_c2012.
300 _a119 p.
_bpb.
440 _aProcurement and Supply Administration
942 _2ddc
_cBK
999 _c351378
_d351378